000 00421nam a2200169Ia 4500
001 10327
003 IN-NITTTR
005 20251114233056.0
008 251113s9999||||xx |||||||||||||| ||eng||
040 _beng
040 _cIN-NITTTR
041 _aeng
082 _a005.265 E15M
100 _aEvans, Stanley J.
245 0 _aMicroprogramming techniques :
_b with sample programs /
_cEvans, Stanley J.
942 _2ddc
_cBK
999 _c12964
_d12964